| 000 | 00666nam a2200181Ia 4500 | ||
|---|---|---|---|
| 008 | 151018s9999 xx 000 0 und d | ||
| 082 |
_bRBASDV28455 _a910.2 |
||
| 100 | _aप्र के घाणेकर | ||
| 245 | _aविज्ञानातील चमत्कार लोणार | ||
| 250 | _b1 | ||
| 260 |
_bस्नेहल _c1996 |
||
| 300 | _a52 | ||
| 600 | _aप्र के घाणेकर | ||
| 630 | _aविज्ञानातील चमत्कार लोणार | ||
| 700 | _aप्र के घाणेकर | ||
| 730 | _aविज्ञानातील चमत्कार लोणार | ||
| 942 | _cBOOK | ||
| 999 |
_c1028028 _d1028025 |
||